000 00979nam a2200229 a 4500
008 070316s1988 ||||||||||||||||| || u
020 _a0704908492
050 _aCBU.EXT(02)88
100 _aKasanga R . K
245 1 0 _aInternal migration and urbanisation in developing countries
_cR.K.Kasanga and M.R.Avis
246 _aFindings from a study of Ghana
260 _aKumasi,Ghana
_bUniversity Reading department of land management and development
_c1988
300 _aVII;108P.;ill;app
350 _a0.00
490 _aresearch papers in land management and development, environmnetal policy
650 _aLAND
650 _aLAND MANAGEMENT--DEVELOPING COUNTRIES
650 _aMigration,Internal and Exeternal - Developing countries
650 _aMIGRATION AND ITS EFFECTS
700 _aAvis M . R
995 _D0.00
_FCBU-MAIN LIBRARY (Kitwe)
_H1
_I0.00
_M1
_UAVAILABLE
_WMar 16, 2007
_ZInternational Publications
999 _c47265
_d47265